Every NATO member - Statistics

General Stats
  • This quiz has been taken 19 times
  • The average score is 28 of 31
Answer Stats
Answer % Correct
Canada
100%
Denmark
100%
Finland
100%
France
100%
Italy
100%
Norway
100%
United Kingdom
100%
United States
100%
Belgium
94%
Germany
94%
Greece
94%
Hungary
94%
Latvia
94%
Lithuania
94%
Portugal
94%
Slovakia
94%
Slovenia
94%
Spain
94%
Croatia
88%
Luxembourg
88%
Netherlands
88%
Poland
88%
Turkey
88%
Albania
82%
Czechia
82%
Estonia
82%
Iceland
82%
Bulgaria
76%
Romania
76%
Montenegro
65%
North Macedonia
65%
No matching quizzes found
Score Distribution
Percent of People with Each Score
Percentile by Number Answered
Your Score History
You have not taken this quiz